000 00366nam a2200133Ia 4500
005 20260328101450.0
008 260328s9999||||xx |||||||||||||| ||und||
100 _aVega, Rafael
245 0 _aEl contenido expresivo en la Obra de Enrique Triana /
_cRafael Vega
260 _bUniversidad Nacional de Colombia
300 _a148 p.
650 _aARQUITECTOS
942 _cBK
999 _c8599
_d8599